000
00247nam a2200097Ia 4500
001
968629
005
20250826220347.0
008
250824s9999 xx 000 0 und d
245
0
_a
TÜRKÇE SÖZLÜK
_c
ERDAL ÇAKICIOĞLU
260
_b
AKVARYUM YAYINLARI
999
_c
968629
_d
968629